Who's Canadian? - Statistics

General Stats
  • This quiz has been taken 41 times
  • The average score is 17 of 20
Answer Stats
Question Answer % Correct
Who's Canadian? Alanis Morissette
100%
Who's Canadian? Avril Lavigne
100%
Who's Canadian? Celine Dion
100%
Who's Canadian? Drake
100%
Who's Canadian? Jim Carrey
100%
Who's Canadian? Justin Bieber
100%
Who's Canadian? Justin Trudeau
100%
Who's Canadian? Keanu Reeves
100%
Who's Canadian? Keifer Sutherland
100%
Who's Canadian? Michael J. Fox
100%
Who's Canadian? Mike Myers
100%
Who's Canadian? Ryan Gossling
100%
Who's Canadian? Ryan Reynolds
100%
Who's Canadian? Sandra Oh
100%
Who's Canadian? Shania Twain
100%
Who's Canadian? Pamala Anderson
50%
Who's Canadian? Seth Rogen
50%
Who's Canadian? William Shatner
50%
Who's Canadian? Dwayne "the Rock" Johnson
0%
Who's Canadian? Elon Musk
0%
No matching quizzes found
Score Distribution
Percent of People with Each Score
Percentile by Number Answered
Your Score History
You have not taken this quiz